01188nam a2200193Ia 4500001001000000003001000010008004100020040002500061041001300086100001900099245011700118250001100235260006400246300001200310500026200322501011400584520026200698650003400960L235-8284IT-CnALBA170116s9999||||xx |||||||||||||| ||und|| aIT-CnALBAcIT-CnALBA aITALIANO aMESANGUY MONS. 0aLE VITE DEI SANTI PER TUTTI I GIORNI DELL'ANNO COLLE ISTRUZIONI SOPRA LE DOMENICHE E LE FESTE MOBILI. VOL. III.  a1a ed. a TO, VERCELLIbPRATO F. E PANIALIS G. c1792 [1° Ed.:1792] a234 p.  aTRADUZIONE DAL FRANCESE DI CORNARO ANTONIO. APRILE. MAGGIO. PREGHIERA, PRATICA DI VIRTÙ, VITA DEL SANTO. FRANCESCO DI PAOLA. LEONE IX PAPA. MARCO EVANGELISTA. GIACOMO E FILIPPO APOSTOLI. INVENZIONE DELLA CROCE. MONICA. GIOVANNI DAMASCENO. GREGORIO DI NAZI aSocietà San Paolo EM - Piazza San Paolo, 14 - 12051 ALBA (CN) (non commercial uses only) ® Copyright 2017 aTRADUZIONE DAL FRANCESE DI CORNARO ANTONIO. APRILE. MAGGIO. PREGHIERA, PRATICA DI VIRTÙ, VITA DEL SANTO. FRANCESCO DI PAOLA. LEONE IX PAPA. MARCO EVANGELISTA. GIACOMO E FILIPPO APOSTOLI. INVENZIONE DELLA CROCE. MONICA. GIOVANNI DAMASCENO. GREGORIO DI NAZI aMARIA SS. ANGELI SANTI DEMONI